| 000 | 00336nam a2200109Ia 4500 | ||
|---|---|---|---|
| 008 | 171204s9999 xx 000 0 und d | ||
| 245 | _aEssentials of Contemporary Management: | ||
| 245 | _cGareth Jones and Jennifer George | ||
| 260 | _c2014 | ||
| 650 | _xPRINCIPLES OF MANAGEMENT | ||
| 856 | _uhttp://down.ebook777.com/059/0077862538.pdf | ||
| 999 |
_c345743 _d345743 |
||